000 00725nam a22002177a 4500
003 OSt
005 20230706121244.0
008 221006b |||||||| |||| 00| 0 eng d
040 _cBiblioteca Lado V
082 _a700
_bV517d
110 _aUniversidad Veritas
_eeditor
245 _aDifusión/
_bRevista experimental veritas/
260 _c2003
_bUniversidad Veritas
_aCosta Rica
300 _c21x21cm
_a28p.
490 _a7
_v2003
_x1659 0481
650 0 _2Tesauro de Arte & Arquitectura
_aARTE
_9702
650 0 _2Tesauro de Arte & Arquitectura
_aPINTURA
650 _2Tesauro de Arte & Arquitectura
_aANALISIS
650 _2Tesauro de Arte & Arquitectura
_aCRITICA
942 _2ddc
_c1
_h700
_iV517d
_n0
999 _c3995
_d3995